00565nam a2200169Ia 4500008004100000100002100041245008500062245002100147260005900168260000900227300000800236650001800244650001500262856002600277999001900303952007300322170221s9999 xx 000 0 und d aMaria Goncharova aPlanet Play: Designing A Game For Children To Promote Environmental Awareness.  cMaria Goncharova bOnline Journal of Communication and Media Technologies c2015 a5 : xCommunication xMedia Arts uhttp://www.ojcmt.net/ c313021d313021 001040aCLbCLd2017-02-21l0r2017-02-21 00:00:00w2017-02-21yFOJ